| 000 | 01644nam a22002897a 4500 | ||
|---|---|---|---|
| 003 | NALT | ||
| 005 | 20251125233011.0 | ||
| 008 | s2548 th tha d | ||
| 020 | _a9743235809 | ||
| 040 | _aNALT | ||
| 041 | _atha | ||
| 050 |
_aDS 578 _bพ671ม 2548 |
||
| 100 | 0 | _aพิทยา บุนนาค | |
| 245 | 1 | 0 | _aมุสลิมผู้นำ "ปฐมจุฬาราชมนตรี" คนแรกในสยาม : การเดินทางของท่านเฉกอะหมัดจากเปอร์เซีย (อิหร่าน) ถึงสยาม (กรุงศรีอยุธยา) |
| 260 | 3 |
_aกรุงเทพฯ : _bมติชน, _c2548 |
|
| 300 |
_a222 หน้า : _bภาพประกอบ, แผนที่ ; _c21 ซม. |
||
| 650 | 0 | 4 | _aผู้นำศาสนาอิสลาม -- ชีวประวัติ |
| 650 | 0 | 4 | _aนามสกุล -- บุนนาค -- ประวัติ |
| 650 | 0 | 4 | _aนามสกุล -- เฉกอะหมัด -- ประวัติ |
| 650 | 0 | 4 | _aไทย -- ประวัติศาสตร์ -- กรุงศรีอยุธยา, 1893--2310 |
| 650 | 0 | 4 | _aไทย -- การค้ากับต่างประเทศ -- ประวัติ |
| 650 | 0 | 4 | _aไทย -- การค้ากับต่างประเทศ -- อิหร่าน |
| 850 | _aNALT | ||
| 856 | 4 | 0 | _uhttps://hdl.handle.net/20.500.14156/401770 |
| 942 |
_cGB _2lcc |
||
| 999 |
_c49307 _d49307 |
||
| 998 |
_j109 _k นางสาวอารีรัตน์ วิชาช่าง |
||